000 00634nam a2200181Ia 4500
008 100920s9999 xx 000 0 und d
082 _b60965
_a61 थ 80
100 _aबेडेकर विश्राम.
245 _aटिळक आणि आगरकर.
260 _bपॉप्युलर प्रकाशन, मुंबई.
_c1980
300 _a103
_bसाधी
365 _b15
520 _aस्थानिक वाचन.
630 _aटिळक आणि आगरकर.
650 _aस्थानिक वाचन.
730 _aटिळक आणि आगरकर.
942 _cBOOK
999 _c704204
_d704201